| 000 | 00588nam a2200205Ia 4500 | ||
|---|---|---|---|
| 003 | OSt | ||
| 005 | 20220107122733.0 | ||
| 008 | 130318s9999 xx 000 0 und d | ||
| 020 | _a8129710897 | ||
| 040 | _cIIITM-K | ||
| 082 | _a006.312 ROI/D;1 | ||
| 100 |
_aRoiger, Richard J _93725 |
||
| 245 |
_aData mining: _b A tutorial based primer _cby Richard J Roiger; Michael W Gaetz |
||
| 260 |
_bPearson Education, _aNew Delhi, _c2003. |
||
| 300 |
_a374p. _eCD ROM |
||
| 650 |
_aCOMOUTER SCIR|NCE _93726 |
||
| 650 |
_aDATA MINING _93727 |
||
| 700 |
_aGeatz, Michael W _93728 |
||
| 942 |
_2ddc _cBK |
||
| 999 |
_c3741 _d3741 |
||